000 00600nam a2200193Ii 4500
003 JO-AjNU
008 230605s9999||||xx |||||||||||||| ||und||
040 _aJO-AjNU
_bara
_erda
_cJO-AjNU
041 _aara
050 1 4 _aKRM970.T34.1995
100 3 _aطه، مصطفى كمال,
_eauthor
_98123
245 0 0 _aمبادئ القانون البحري
264 3 1 _aالاسكندرية: منشأة المعارف، 1995
300 _a557ص
336 _atext
_btxt
_2rdacontent
337 _aunmediated
_bn
_2rdamedia
338 _avolume
_bnc
_2rdacarrier
650 4 _aالقانون البحري
_98124
999 _aA629
_c4197
_d4197